|
|
|
|
| LEADER |
00000cab a2200000 a 4500 |
| 001 |
vtls010569564 |
| 003 |
SK-MaSNL |
| 005 |
20260318140756.0 |
| 008 |
140115c2013 xo mr p 000 c0ukr |
| 015 |
|
|
|a SNBRB2014/01
|
| 038 |
|
|
|a SVKPOCL
|
| 040 |
|
|
|a SVKPOCL
|b slo
|c SVKPOCL
|d SVKPOCL
|e AACR2
|
| 041 |
0 |
|
|a ukr
|
| 044 |
|
|
|a xo
|c SK
|
| 080 |
|
|
|a 80(=16)+908(4)
|2 2001
|
| 080 |
|
|
|a 80(=161.2)+908(437.6)
|2 2001
|
| 080 |
|
|
|a 82-291.1
|2 2001
|
| 080 |
|
|
|a 27-565.3
|2 2001
|
| 080 |
|
|
|a 398.332.416:745.5
|2 2001
|
| 080 |
|
|
|a 745.5
|2 2001
|
| 100 |
1 |
|
|a Paďak, Valerij,
|d 1959-
|4 aut
|9 213054
|
| 245 |
1 |
0 |
|a Neznamŷj scenarij rusyns'koho viflijema yz sela Stavne na Pidkarpats'kij Rusy
|b (vstupnŷj avtor'skŷj tekst publikujeme v pidkarpa'skim variantji rusyn'skoho jazŷka, roždestvennu hru - v originalji)
|c Valerij Padjak
|
| 648 |
|
7 |
|a 1940
|2 svkpocl
|9 308835
|
| 650 |
0 |
7 |
|a vianočné hry
|2 svkpocl
|9 87971
|
| 650 |
0 |
7 |
|a slavistika
|2 svkpocl
|9 4282
|
| 650 |
0 |
7 |
|a risinistika
|2 svkpocl
|9 1095322
|
| 650 |
0 |
7 |
|a Vianoce
|2 svkpocl
|9 3412
|
| 650 |
0 |
7 |
|a betlehemy
|2 svkpocl
|9 13423
|
| 651 |
|
7 |
|a Stavne (Ukrajina)
|2 svkpocl
|9 1145743
|
| 655 |
|
7 |
|a články z novín a časopisov
|2 svkpocl
|9 267496
|
| 773 |
0 |
|
|t Narodnŷ novynkŷ
|g Roč. XXIII, č. 12 (2013), s. 4
|
| 852 |
|
|
|a SVKPO
|b KIS3GCP
|
| 856 |
4 |
1 |
|u http://narodny-novynky.presov.sk
|
| 856 |
4 |
1 |
|u http://www. rusynacademy.sk
|
| 958 |
|
|
|a RN
|
| 958 |
|
|
|a UA
|
| 958 |
|
|
|a NT
|
| 958 |
|
|
|a SK
|
| 958 |
|
|
|a SS
|
| 999 |
|
|
|c 1940513
|d 1942443
|